[Event "52nd Sparkassen Open A"]
[Site "Dortmund GER"]
[Date "2025.08.07"]
[Round "6.6"]
[White "Ganguly, Surya Shekhar"]
[Black "Chen, Qi b"]
[Result "1-0"]
[WhiteTitle "GM"]
[BlackTitle "IM"]
[WhiteElo "2566"]
[BlackElo "2468"]
[WhiteFideId "5002150"]
[BlackFideId "8614733"]
[EventDate "2025.08.02"]

1. c4 e5 2. g3 d6 3. Bg2 f5 4. Nc3 Be7 5. b4 Nf6 6. d3 O-O 7. Nf3 a6 8. O-O Qe8
9. Rb1 h6 10. a4 Nc6 11. Nd5 Nxd5 12. cxd5 Nb8 13. Qc2 Bd8 14. e4 Qh5 15. Rb3
Nd7 16. exf5 Qxf5 17. Nh4 Qf7 18. f4 exf4 19. Rxf4 Qe8 20. Re4 Qh5 21. d4 Nf6
22. Re1 g5 23. Ng6 Rf7 24. Rf3 Bg4 25. Rf2 Bd7 26. Ne5 dxe5 27. dxe5 Ng4 28.
Rxf7 Qxf7 29. e6 Qg7 30. exd7 Qd4+ 31. Be3 Nxe3 32. Qg6+ Qg7 33. Qe8+ Qf8 34.
Rxe3 1-0

[Event "52nd Sparkassen Open A"]
[Site "Dortmund GER"]
[Date "2025.08.07"]
[Round "6.7"]
[White "Vaganian, Rafael A"]
[Black "Gavrilescu, David"]
[Result "0-1"]
[WhiteTitle "GM"]
[BlackTitle "GM"]
[WhiteElo "2449"]
[BlackElo "2531"]
[WhiteFideId "13300016"]
[BlackFideId "1227190"]
[EventDate "2025.08.02"]

1. Nf3 d5 2. e3 Nf6 3. c4 e6 4. Nc3 Bd6 5. d4 b6 6. Bd3 dxc4 7. Bxc4 Bb7 8. Qe2
Nbd7 9. e4 e5 10. d5 a6 11. a4 O-O 12. O-O Re8 13. g3 Bb4 14. Na2 Bc5 15. Rd1
Ng4 16. b4 Bxf2+ 17. Kg2 Ndf6 18. h3 Bd4 19. Rb1 Nf2 20. Rxd4 exd4 21. Qxf2 b5
22. Bd3 Nxe4 23. Qxd4 Qxd5 24. Qxd5 Bxd5 25. Bxe4 Bxe4 26. Rb2 Rad8 27. Rd2
Rxd2+ 28. Bxd2 Rd8 29. Be3 bxa4 30. Kf2 a3 31. Nc1 Bd5 32. Nd4 a2 33. Nc2 Be6
34. Ke2 f6 35. Bd2 Kf7 36. Bc3 Bc4+ 37. Ke1 Rd6 38. Nd4 Rd5 39. Nc2 Rf5 0-1

[Event "52nd Sparkassen Open A"]
[Site "Dortmund GER"]
[Date "2025.08.07"]
[Round "6.8"]
[White "Gloeckler, Christian"]
[Black "Liu, Yan"]
[Result "1/2-1/2"]
[WhiteTitle "FM"]
[BlackTitle "GM"]
[WhiteElo "2446"]
[BlackElo "2531"]
[WhiteFideId "34608966"]
[BlackFideId "8608962"]
[EventDate "2025.08.02"]

1. Nf3 d5 2. e3 Nf6 3. c4 e6 4. Nc3 Be7 5. b3 O-O 6. Bb2 c5 7. cxd5 exd5 8. d4
Nc6 9. Be2 Bg4 10. dxc5 Bxc5 11. O-O a6 12. Rc1 Ba7 13. h3 Bh5 14. Nh4 Bg6 15.
Nxg6 hxg6 16. Bf3 d4 17. exd4 Bxd4 18. Bxc6 bxc6 19. Na4 Bxb2 20. Nxb2 Qa5 21.
Nc4 Qb5 22. Qf3 a5 23. Nb2 Nd5 24. Rc4 Nb4 25. a3 Nd5 26. Rfc1 Rab8 27. Rxc6
Qxb3 28. Qxb3 Rxb3 29. Nc4 Nf4 30. Rc2 Re8 31. Kh2 f6 32. g3 Re2 33. Nd6 Rxc2
34. Rxc2 Ne6 35. Rc8+ Nf8 36. Nc4 Rc3 37. h4 Kh7 38. Kg2 g5 39. hxg5 fxg5 40.
Nd6 Rd3 41. Nf7 Nd7 42. Nxg5+ Kg6 43. Nh3 Rxa3 44. Rc7 Ne5 45. Nf4+ Kf6 46. Nh5+
Kg6 47. Nxg7 Ra2 48. Ne6 Nd3 49. Nf4+ Nxf4+ 50. gxf4 Kf5 51. Kg3 a4 52. Rc5+ Kf6
53. Ra5 a3 54. Ra6+ Kf5 55. Kf3 Ra1 56. Ra8 Rh1 57. Ra5+ Kf6 58. Kg2 Ra1 59. Kg3
Rg1+ 60. Kf3 Rh1 61. Kg2 Ra1 62. Kh2 Rf1 63. Kg2 1/2-1/2

[Event "52nd Sparkassen Open A"]
[Site "Dortmund GER"]
[Date "2025.08.07"]
[Round "6.9"]
[White "Wang, Tongsen"]
[Black "Malek, Jan"]
[Result "1/2-1/2"]
[BlackTitle "GM"]
[WhiteElo "2400"]
[BlackElo "2526"]
[WhiteFideId "8608067"]
[BlackFideId "21864080"]
[EventDate "2025.08.02"]

1. e4 c5 2. Nf3 d6 3. c3 Nf6 4. h3 Bd7 5. Bd3 Bc6 6. Qe2 Nbd7 7. Bc2 e6 8. d4
Be7 9. O-O O-O 10. c4 cxd4 11. Nxd4 Qb6 12. Rd1 Rac8 13. Nc3 a6 14. Rb1 Ne5 15.
Be3 Qb4 16. f4 Nxc4 17. a3 Nxa3 18. Na2 Qc4 19. Bd3 Qxa2 20. Ra1 Qxa1 21. Rxa1
Nb5 22. Nxc6 Rxc6 23. Bxb5 axb5 24. Qxb5 Rc7 25. Bb6 Rc2 26. Ba5 d5 27. Qb3 Bc5+
28. Kh1 Rf2 29. Bb4 Bxb4 30. Qxb4 dxe4 31. Qxb7 e3 32. Ra8 g6 33. Rxf8+ Kxf8 34.
Qb8+ Kg7 35. Qe5 e2 36. Kh2 h5 37. Kg3 e1=Q 38. Qxe1 Rxb2 39. Qe5 Rd2 40. Kf3
Rd3+ 41. Ke2 Rd5 42. Qc3 Rf5 43. g4 hxg4 44. hxg4 Rxf4 45. g5 e5 46. gxf6+ Kxf6
47. Ke3 Rd4 48. Kf3 Rf4+ 49. Ke3 Kf5 50. Qc2+ Kg5 51. Qg2+ Rg4 52. Qd5 f6 53.
Qd8 Rf4 54. Qd5 Rd4 55. Qg2+ Rg4 56. Qd5 Rh4 57. Qg2+ Kh6 58. Qc6 f5 59. Qf6 Rf4
60. Qh8+ Kg5 61. Qd8+ Kh5 62. Qd1+ Kh6 63. Qh1+ Kg5 64. Qg2+ Rg4 65. Qd5 Rd4 66.
Qg2+ Kh5 67. Qh1+ Rh4 68. Qd1+ Kh6 69. Qd8 Re4+ 70. Kf3 Rf4+ 71. Kg3 Rg4+ 72.
Kf2 Re4 73. Kf3 1/2-1/2

[Event "52nd Sparkassen Open A"]
[Site "Dortmund GER"]
[Date "2025.08.07"]
[Round "6.10"]
[White "Ahmadinia, Ebrahim"]
[Black "Cornette, Matthieu"]
[Result "1/2-1/2"]
[WhiteTitle "IM"]
[BlackTitle "GM"]
[WhiteElo "2388"]
[BlackElo "2524"]
[WhiteFideId "12501891"]
[BlackFideId "620084"]
[EventDate "2025.08.02"]

1. e4 e6 2. d4 d5 3. exd5 exd5 4. Nf3 Nf6 5. Bd3 Bd6 6. O-O O-O 7. h3 h6 8. Nc3
a6 9. Ne2 Nc6 10. a3 Re8 11. Re1 Bd7 12. Ng3 Rxe1+ 1/2-1/2

[Event "52nd Sparkassen Open A"]
[Site "Dortmund GER"]
[Date "2025.08.07"]
[Round "6.11"]
[White "Klimkowski, Jan"]
[Black "Jin, Yueheng"]
[Result "1-0"]
[WhiteTitle "GM"]
[BlackTitle "IM"]
[WhiteElo "2517"]
[BlackElo "2374"]
[WhiteFideId "21856222"]
[BlackFideId "8616868"]
[EventDate "2025.08.02"]

1. e4 e5 2. Nf3 Nc6 3. Bb5 Nf6 4. d3 Bc5 5. Bxc6 dxc6 6. O-O Nd7 7. c3 O-O 8. d4
Bd6 9. Bg5 f6 10. Bh4 Qe7 11. Nbd2 a5 12. Qc2 Qf7 13. Bg3 Re8 14. Rfe1 a4 15. b3
exd4 16. cxd4 Bxg3 17. hxg3 Nb6 18. bxa4 Rxa4 19. e5 Bd7 20. Ne4 Bg4 21. exf6
Qc4 22. Neg5 1-0

[Event "52nd Sparkassen Open A"]
[Site "Dortmund GER"]
[Date "2025.08.07"]
[Round "6.12"]
[White "Deuer, Marius"]
[Black "Abrahamyan, Tatev"]
[Result "1-0"]
[WhiteTitle "IM"]
[BlackTitle "WGM"]
[WhiteElo "2487"]
[BlackElo "2342"]
[WhiteFideId "16236432"]
[BlackFideId "13301918"]
[EventDate "2025.08.02"]

1. d4 Nf6 2. c4 g6 3. g3 Bg7 4. Bg2 O-O 5. Nc3 d6 6. Nf3 Bf5 7. Nh4 Bc8 8. O-O
e5 9. Nf3 Nc6 10. d5 Nb8 11. c5 Na6 12. cxd6 cxd6 13. a4 Bd7 14. Nd2 Qe7 15. Nc4
Rfc8 16. b3 Ne8 17. Ba3 f5 18. e4 Nc5 19. Re1 Nxa4 20. Nxa4 Bxa4 21. exf5 Rxc4
22. fxg6 hxg6 23. bxa4 Qd7 24. a5 Qa4 25. Qb1 Qc2 26. Qxb7 Rac8 27. Bh3 R8c7 28.
Qb8 Kf7 29. Qd8 R4c5 30. Bxc5 Qxc5 31. Bd7 1-0

[Event "52nd Sparkassen Open A"]
[Site "Dortmund GER"]
[Date "2025.08.07"]
[Round "6.13"]
[White "Materia, Marco"]
[Black "Sydykov, Bayastan"]
[Result "1/2-1/2"]
[WhiteTitle "IM"]
[BlackTitle "FM"]
[WhiteElo "2500"]
[BlackElo "2322"]
[WhiteFideId "45150451"]
[BlackFideId "13829610"]
[EventDate "2025.08.02"]

1. d4 Nf6 2. c4 e6 3. Nf3 d5 4. g3 Be7 5. Bg2 O-O 6. O-O c6 7. Qc2 b6 8. Rd1 Bb7
9. Nc3 Na6 10. a3 Rc8 11. b4 c5 12. dxc5 bxc5 13. b5 Nc7 14. a4 h6 15. Ne1 Ba8
16. e3 Bd6 17. a5 Qe7 18. Bb2 Rb8 19. Na4 Rfd8 20. Rab1 Nd7 21. Ba1 Be5 22. cxd5
exd5 23. Bxe5 Nxe5 24. Qxc5 Qxc5 25. Nxc5 Rxb5 26. Rxb5 Nxb5 27. Ned3 Nc4 28. a6
Nc3 29. Ra1 Rb8 30. h4 Rb5 31. Kh2 Ne4 32. Nxe4 dxe4 33. Nf4 Ne5 34. Kg1 Rb2 35.
h5 Bc6 36. Rc1 Ra2 37. Bf1 Ra5 38. Rb1 Kf8 39. Be2 1/2-1/2

[Event "52nd Sparkassen Open A"]
[Site "Dortmund GER"]
[Date "2025.08.07"]
[Round "6.14"]
[White "Borne, Felix"]
[Black "Peyrer, Konstantin"]
[Result "1/2-1/2"]
[WhiteTitle "FM"]
[BlackTitle "IM"]
[WhiteElo "2328"]
[BlackElo "2490"]
[WhiteFideId "551039915"]
[BlackFideId "1640879"]
[EventDate "2025.08.02"]

1. Nf3 d5 2. e3 Nf6 3. c4 e6 4. Nc3 Nbd7 5. b3 b6 6. Bb2 Bb7 7. Rc1 a6 8. cxd5
exd5 9. Ne2 c5 10. g3 Bd6 11. Bg2 O-O 12. O-O Rc8 13. Nh4 Re8 14. d4 Bf8 15.
dxc5 bxc5 16. Nf4 Ne5 17. Nf3 Nxf3+ 18. Qxf3 Ne4 19. Rfd1 Qd6 20. Rd3 Red8 21.
Rcd1 d4 22. exd4 c4 23. bxc4 Rxc4 24. Qe2 f5 25. Rb3 Bd5 26. Ba3 Qc6 27. Nxd5
Qxd5 28. Bxf8 Rxf8 29. Re3 Rxd4 30. Rxd4 Qxd4 31. Bxe4 fxe4 32. Qxa6 Qd1+ 33.
Kg2 Qd5 34. Qe2 Ra8 35. a3 Ra4 36. Qc2 Rd4 37. Qc8+ Kf7 38. Qc7+ Kg8 39. Qc8+
Kf7 40. Qc7+ Kg8 41. Qb8+ Kf7 42. Qa7+ Kg8 43. a4 h6 44. a5 Kh7 45. a6 Ra4 46.
Qb7 Qxb7 47. axb7 Rb4 48. Rxe4 Rxb7 49. g4 g5 50. Kg3 Rb3+ 51. Re3 Rb1 52. f3
Rg1+ 53. Kf2 Ra1 54. Re2 h5 55. gxh5 1/2-1/2

[Event "52nd Sparkassen Open A"]
[Site "Dortmund GER"]
[Date "2025.08.07"]
[Round "6.15"]
[White "Soumya, Swaminathan"]
[Black "Rathanvel, V S"]
[Result "0-1"]
[WhiteTitle "IM"]
[BlackTitle "IM"]
[WhiteElo "2216"]
[BlackElo "2486"]
[WhiteFideId "5016193"]
[BlackFideId "25002112"]
[EventDate "2025.08.02"]

1. e4 c6 2. Nf3 d5 3. d3 Qc7 4. exd5 cxd5 5. c4 Nf6 6. Nc3 e6 7. g3 Bb4 8. Bg2
O-O 9. O-O Bxc3 10. bxc3 dxc4 11. Bf4 Qc5 12. dxc4 Qxc4 13. Ne5 Qa6 14. Qb3 Nd5
15. Bc1 Nd7 16. Re1 Nxe5 17. Rxe5 Bd7 18. c4 Ba4 19. Qd3 Rad8 20. Ba3 Nb6 21.
Qc3 Qxc4 22. Qa5 Rfe8 23. Qxa7 Qc3 24. Ree1 Qxa3 25. Qxb6 Rd2 26. Bxb7 Rxa2 27.
Rxa2 Qxa2 28. Bc6 Bxc6 29. Qxc6 Rd8 30. h4 h6 31. Qf3 Rd5 32. Rc1 Rf5 33. Qe3
Qd5 34. Rc8+ Kh7 35. Rc3 Qd1+ 36. Kg2 Qd5+ 37. Kg1 Qd1+ 38. Kg2 g5 39. hxg5 Qd5+
40. f3 hxg5 41. Qd3 Kg7 42. g4 Re5 43. Qxd5 exd5 44. Kf2 Kf6 45. Ra3 Re7 46. Ra5
Ke5 47. Ke3 Rb7 48. Ra3 f6 49. Ra6 Rb3+ 50. Ke2 d4 51. Ra5+ Kf4 52. Rf5+ Kg3 53.
f4 gxf4 54. g5 f3+ 55. Kd2 fxg5 56. Rxg5+ Kf2 57. Rg4 Re3 58. Rxd4 Re8 59. Rd7
Kf1 60. Rd6 f2 61. Rg6 Rd8+ 62. Kc3 Rd5 63. Kc4 Rd1 64. Kc3 Ke2 0-1

[Event "52nd Sparkassen Open A"]
[Site "Dortmund GER"]
[Date "2025.08.07"]
[Round "6.16"]
[White "Gschnitzer, Adrian"]
[Black "Radzimski, Antoni"]
[Result "1-0"]
[WhiteTitle "IM"]
[BlackTitle "FM"]
[WhiteElo "2445"]
[BlackElo "2320"]
[WhiteFideId "1270337"]
[BlackFideId "21052476"]
[EventDate "2025.08.02"]

1. e4 e5 2. Nf3 Nc6 3. Bb5 a6 4. Ba4 Nf6 5. O-O b5 6. Bb3 Bc5 7. c3 d6 8. d4 Bb6
9. Re1 O-O 10. Bg5 Bb7 11. a4 Re8 12. d5 Na5 13. Ba2 bxa4 14. Qxa4 Bc8 15. Bxf6
gxf6 16. Nh4 Qd7 17. Qd1 Qg4 18. Qxg4+ Bxg4 19. Nd2 Bd7 20. Bc4 Nxc4 21. Nxc4 a5
22. Nf5 Reb8 23. Ra2 Bb5 24. Nxb6 Rxb6 25. b4 Rba6 26. Rea1 axb4 27. Rxa6 Rxa6
28. Rxa6 Bxa6 29. cxb4 Kf8 30. f3 Ke8 31. Kf2 Kd7 32. Kg3 c6 33. dxc6+ Kxc6 34.
Kh4 Bc4 35. Kh5 Be6 36. b5+ Kd7 37. Ne3 f5 38. exf5 Ba2 39. Kh6 d5 40. Kxh7 d4
41. Nf1 Bb1 42. g4 Bd3 43. Nd2 Be2 44. Kg7 d3 45. Kxf7 Bxf3 46. Nxf3 e4 47. Nd2
e3 48. Nc4 1-0

[Event "52nd Sparkassen Open A"]
[Site "Dortmund GER"]
[Date "2025.08.07"]
[Round "6.17"]
[White "Dahl, Christoph"]
[Black "Labruyere, Roger"]
[Result "1-0"]
[WhiteTitle "FM"]
[BlackTitle "FM"]
[WhiteElo "2387"]
[BlackElo "2281"]
[WhiteFideId "16240235"]
[BlackFideId "1059505"]
[EventDate "2025.08.02"]

1. d4 Nf6 2. c4 e6 3. Nc3 d5 4. cxd5 exd5 5. Bg5 c6 6. e3 Bf5 7. Qf3 Bg6 8. Bxf6
Qxf6 9. Qxf6 gxf6 10. Rd1 a5 11. h4 h5 12. Bd3 Nd7 13. Rh3 a4 14. Nge2 Bd6 15.
Rf3 Rg8 16. Kf1 b5 17. Nf4 b4 18. Nce2 Rb8 19. Rc1 Rb6 20. Rg3 Nf8 21. b3 Rh8
22. Nxg6 fxg6 23. Nf4 Bxf4 24. exf4 axb3 25. axb3 f5 26. Ra1 Rb7 27. Ra8+ Kf7
28. Rc8 Re7 29. Re3 Rg8 30. Rxe7+ Kxe7 31. g3 Kf7 32. Rxc6 Nd7 33. Rd6 Nf6 34.
Rb6 Ra8 35. f3 Ra1+ 36. Kf2 Rd1 37. Be2 Rb1 38. Rxb4 Ne8 39. Rb6 Ng7 40. Bb5 Ne6
41. Be8+ Ke7 42. Bxg6 Nxd4 43. Ke3 Nxb3 44. Bxf5 Rb2 45. Re6+ Kf7 46. Rd6 d4+
47. Kd3 Nc1+ 48. Kxd4 Ne2+ 49. Ke5 Rb5+ 50. Rd5 Rxd5+ 51. Kxd5 Nxg3 52. Bd3 Nh1
53. Kd4 Nf2 54. Ke3 Nd1+ 55. Kd2 Nf2 56. Ke2 Nh3 57. Ke3 1-0

[Event "52nd Sparkassen Open A"]
[Site "Dortmund GER"]
[Date "2025.08.08"]
[Round "7.1"]
[White "Engel, Luis"]
[Black "Bluebaum, Matthias"]
[Result "1/2-1/2"]
[WhiteTitle "GM"]
[BlackTitle "GM"]
[WhiteElo "2548"]
[BlackElo "2660"]
[WhiteFideId "12961523"]
[BlackFideId "24651516"]
[EventDate "2025.08.02"]

1. c4 c6 2. Nf3 d5 3. e3 Nf6 4. Nc3 e6 5. b3 Bd6 6. Bb2 O-O 7. Be2 Re8 8. d4
Nbd7 9. Qc2 b6 10. O-O Bb7 11. a4 a5 12. Rad1 Qe7 13. e4 Nxe4 14. Nxe4 dxe4 15.
Qxe4 Nf6 16. Qe3 c5 17. Ne5 Qc7 18. Rfe1 Ne4 19. Bd3 cxd4 20. Bxd4 Bxe5 21. Bxe5
Qxe5 22. Bxe4 Qxe4 23. Qxe4 Bxe4 24. Rxe4 Rad8 25. Red4 Rxd4 26. Rxd4 Kf8 27.
Rd7 Re7 28. Rd8+ Re8 29. Rd6 Rb8 30. Rd7 Ke8 31. Ra7 Rd8 32. g3 Rd3 33. Rb7 Rxb3
34. c5 Rb4 35. cxb6 g6 36. Kg2 Kf8 37. Rb8+ Ke7 38. b7 e5 39. Kf3 h5 40. h3 Kf6
41. g4 hxg4+ 42. hxg4 Kg5 43. Re8 Rb3+ 44. Kg2 1/2-1/2

[Event "52nd Sparkassen Open A"]
[Site "Dortmund GER"]
[Date "2025.08.08"]
[Round "7.2"]
[White "Dau Khuong Duy"]
[Black "Ganguly, Surya Shekhar"]
[Result "1/2-1/2"]
[WhiteTitle "IM"]
[BlackTitle "GM"]
[WhiteElo "2462"]
[BlackElo "2566"]
[WhiteFideId "12424722"]
[BlackFideId "5002150"]
[EventDate "2025.08.02"]

1. e4 c6 2. Nf3 d5 3. Nc3 dxe4 4. Nxe4 Nf6 5. Qe2 Nxe4 6. Qxe4 Nd7 7. Bc4 Nf6 8.
Ne5 e6 9. Qe2 b5 10. Bb3 Qc7 11. d4 Bd6 12. O-O O-O 13. c3 c5 14. Re1 a6 15. Bg5
Bb7 16. dxc5 Bxe5 17. Qxe5 1/2-1/2

[Event "52nd Sparkassen Open A"]
[Site "Dortmund GER"]
[Date "2025.08.08"]
[Round "7.3"]
[White "Gavrilescu, David"]
[Black "Nitish, Belurkar"]
[Result "1/2-1/2"]
[WhiteTitle "GM"]
[BlackTitle "IM"]
[WhiteElo "2531"]
[BlackElo "2486"]
[WhiteFideId "1227190"]
[BlackFideId "5084768"]
[EventDate "2025.08.02"]

1. e4 e5 2. Nf3 Nc6 3. Bc4 Nf6 4. d3 d5 5. exd5 Nxd5 6. Qe2 f6 7. O-O Nb6 8. Bb5
Bd6 9. a4 a6 10. Bxc6+ bxc6 11. a5 Nd7 12. d4 O-O 13. Nbd2 exd4 14. Nxd4 Ne5 15.
Nxc6 Nxc6 16. Qc4+ Kh8 17. Qxc6 Rb8 18. Ne4 1/2-1/2

[Event "52nd Sparkassen Open A"]
[Site "Dortmund GER"]
[Date "2025.08.08"]
[Round "7.4"]
[White "Kollars, Dmitrij"]
[Black "Gschnitzer, Adrian"]
[Result "1-0"]
[WhiteTitle "GM"]
[BlackTitle "IM"]
[WhiteElo "2644"]
[BlackElo "2445"]
[WhiteFideId "12909572"]
[BlackFideId "1270337"]
[EventDate "2025.08.02"]

1. e4 c5 2. Nf3 d6 3. d4 cxd4 4. Nxd4 Nf6 5. Nc3 a6 6. Bd3 e5 7. Nde2 Be7 8. O-O
O-O 9. Kh1 Nbd7 10. Ng3 Nc5 11. f4 b5 12. a3 Nxd3 13. Qxd3 Be6 14. Nd5 exf4 15.
Bxf4 Nxd5 16. exd5 Bc8 17. Rae1 f5 18. Ne2 g5 19. Nd4 Bf6 20. Nc6 1-0

[Event "52nd Sparkassen Open A"]
[Site "Dortmund GER"]
[Date "2025.08.08"]
[Round "7.5"]
[White "Jumabayev, Rinat"]
[Black "Wang, Tongsen"]
[Result "1/2-1/2"]
[WhiteTitle "GM"]
[WhiteElo "2556"]
[BlackElo "2400"]
[WhiteFideId "13702661"]
[BlackFideId "8608067"]
[EventDate "2025.08.02"]

1. c4 e6 2. Nc3 d5 3. d4 Nf6 4. cxd5 exd5 5. Bg5 c6 6. e3 Be7 7. Bd3 Nbd7 8. h3
Nf8 9. Nf3 Ne6 10. Bh4 g6 11. Qc2 Ng7 12. g4 Be6 13. O-O-O Nd7 14. Bg3 Qa5 15.
Kb1 O-O 16. Ne5 Nxe5 17. Bxe5 b5 18. Bxg7 Kxg7 19. f4 Rac8 20. f5 Bd7 21. Rhf1
Bh4 22. e4 Qb4 23. Be2 Qe7 24. e5 Qg5 25. Qd3 Kh8 26. Qf3 gxf5 27. gxf5 Rg8 28.
Bd3 Qg3 29. Qh5 Qg5 30. Qe2 Qh6 31. Rf3 Rg7 32. Rdf1 Rcg8 33. Qd1 Rg3 34. Ne2
Rxf3 35. Rxf3 Qh5 36. Qf1 Qh6 37. Kc2 a5 38. Rf4 Qh5 39. Rf3 Qg5 40. Rf4 Qh5 41.
Qh1 Rg5 42. Qf1 Rg8 1/2-1/2

[Event "52nd Sparkassen Open A"]
[Site "Dortmund GER"]
[Date "2025.08.08"]
[Round "7.6"]
[White "Xiao, Tong(QD)"]
[Black "Gloeckler, Christian"]
[Result "1-0"]
[WhiteTitle "GM"]
[BlackTitle "FM"]
[WhiteElo "2539"]
[BlackElo "2446"]
[WhiteFideId "8622388"]
[BlackFideId "34608966"]
[EventDate "2025.08.02"]

1. e4 c5 2. Nf3 d6 3. d4 cxd4 4. Nxd4 Nf6 5. Nc3 a6 6. Nb3 Nbd7 7. g4 h6 8. a4
Ne5 9. h3 g5 10. f4 gxf4 11. Bxf4 Ng6 12. Be3 b6 13. Nd5 Nxd5 14. exd5 Bg7 15.
Nd4 Bb7 16. Bg2 Bxd4 17. Qxd4 e5 18. Qb4 Qh4+ 19. Bf2 Qe7 20. Be4 Nf4 21. c4 O-O
22. Qxb6 Rab8 23. Qe3 Bc8 24. b3 Qb7 25. Rb1 f5 26. gxf5 Bxf5 27. Rg1+ Kh8 28.
Bxf5 Rxf5 29. Kd2 Rbf8 30. Bg3 Qh7 31. Rbf1 Ng6 32. Rxf5 Rxf5 33. Kc3 Qg7 34.
Kb2 Rg5 35. Be1 Nf4 36. Rxg5 hxg5 37. Bb4 Qh6 38. Ka3 Nxh3 39. c5 a5 40. Bxa5
Nf4 41. c6 Nxd5 42. Qf3 Ne7 43. c7 Kg8 44. Qg4 Qf8 45. Qe6+ Kg7 46. Qxe7+ 1-0

[Event "52nd Sparkassen Open A"]
[Site "Dortmund GER"]
[Date "2025.08.08"]
[Round "7.7"]
[White "Liu, Yan"]
[Black "Dahl, Christoph"]
[Result "1/2-1/2"]
[WhiteTitle "GM"]
[BlackTitle "FM"]
[WhiteElo "2531"]
[BlackElo "2387"]
[WhiteFideId "8608962"]
[BlackFideId "16240235"]
[EventDate "2025.08.02"]

1. c4 e5 2. g3 Nf6 3. Bg2 Bc5 4. Nf3 e4 5. Ng5 Bxf2+ 6. Kxf2 Ng4+ 7. Kg1 Qxg5 8.
Bxe4 Qc5+ 9. d4 Qxc4 10. Nc3 Nf6 11. Bf3 Nc6 12. Be3 O-O 13. Rc1 Qb4 14. Qd2 d6
15. d5 Ne5 16. Ne4 Qxd2 17. Nxf6+ gxf6 18. Bxd2 c5 19. dxc6 bxc6 20. Kf2 Be6 21.
b3 a5 22. Rhd1 d5 23. Be3 Rfb8 24. Bc5 Kg7 1/2-1/2

[Event "52nd Sparkassen Open A"]
[Site "Dortmund GER"]
[Date "2025.08.08"]
[Round "7.8"]
[White "Malek, Jan"]
[Black "Ahmadinia, Ebrahim"]
[Result "1-0"]
[WhiteTitle "GM"]
[BlackTitle "IM"]
[WhiteElo "2526"]
[BlackElo "2388"]
[WhiteFideId "21864080"]
[BlackFideId "12501891"]
[EventDate "2025.08.02"]

1. d4 Nf6 2. c4 c6 3. Nf3 d5 4. e3 a6 5. Nbd2 e6 6. Qc2 Nbd7 7. b3 Bd6 8. Bb2
Qe7 9. Ne5 c5 10. Bd3 h6 11. O-O O-O 12. f4 b6 13. e4 Bb7 14. cxd5 exd5 15. Nxd7
Nxd7 16. e5 Bb8 17. Nf3 Rc8 18. Qe2 f6 19. Nh4 Nf8 20. Nf5 Qf7 21. exf6 1-0

[Event "52nd Sparkassen Open A"]
[Site "Dortmund GER"]
[Date "2025.08.08"]
[Round "7.9"]
[White "Cornette, Matthieu"]
[Black "Thiemann, Marc"]
[Result "1-0"]
[WhiteTitle "GM"]
[WhiteElo "2524"]
[BlackElo "1955"]
[WhiteFideId "620084"]
[BlackFideId "34625380"]
[EventDate "2025.08.02"]

1. d4 Nf6 2. c4 c5 3. d5 e6 4. Nc3 exd5 5. cxd5 d6 6. e4 g6 7. f4 Bg7 8. Bb5+
Nfd7 9. a4 O-O 10. Nf3 Na6 11. O-O Nb4 12. Be3 a6 13. Be2 Nf6 14. Nd2 Re8 15.
Bf2 Rb8 16. Bh4 b6 17. Kh1 Qc7 18. Ra3 Bd7 19. g4 h6 20. g5 hxg5 21. Bxg5 b5 22.
axb5 Bxb5 23. f5 Nh7 24. Bh4 g5 25. Bg3 Bf6 26. Nc4 Bxc4 27. Bxc4 Rb6 28. Re1
Be5 29. Na4 Rbb8 30. h4 Qe7 31. hxg5 Nxg5 32. Qh5 f6 33. Nxc5 Nc2 34. Bxe5 Qxe5
35. Nd7 Qxb2 36. Qg6+ Kh8 37. Nxf6 Re7 38. Rh3+ Nxh3 39. Qh6+ Rh7 40. Qxh7# 1-0

[Event "52nd Sparkassen Open A"]
[Site "Dortmund GER"]
[Date "2025.08.08"]
[Round "7.10"]
[White "Rathanvel, V S"]
[Black "Klimkowski, Jan"]
[Result "1/2-1/2"]
[WhiteTitle "IM"]
[BlackTitle "GM"]
[WhiteElo "2486"]
[BlackElo "2517"]
[WhiteFideId "25002112"]
[BlackFideId "21856222"]
[EventDate "2025.08.02"]

1. e4 e5 2. Nf3 Nc6 3. Bb5 a6 4. Ba4 Nge7 5. c3 f6 6. d4 d5 7. Nbd2 Bg4 8. h3
Bxf3 9. Qxf3 exd4 10. O-O Qd6 11. exd5 Qxd5 12. Qxd5 Nxd5 13. Bxc6+ bxc6 14.
cxd4 c5 15. Re1+ Kf7 16. dxc5 Bxc5 17. Nb3 Bb6 18. Bd2 a5 19. Rec1 Nb4 20. Bxb4
axb4 21. Rc4 Ra4 22. Nc5 Ra7 23. Nd7 Ba5 24. a3 bxa3 1/2-1/2

[Event "52nd Sparkassen Open A"]
[Site "Dortmund GER"]
[Date "2025.08.08"]
[Round "7.11"]
[White "Farokhi, Keyvan"]
[Black "Deuer, Marius"]
[Result "0-1"]
[WhiteTitle "FM"]
[BlackTitle "IM"]
[WhiteElo "2387"]
[BlackElo "2487"]
[WhiteFideId "12998630"]
[BlackFideId "16236432"]
[EventDate "2025.08.02"]

1. e4 c6 2. Nf3 d5 3. Nc3 Bg4 4. h3 Bxf3 5. Qxf3 e6 6. g3 d4 7. Nb1 h5 8. d3 h4
9. Nd2 Ne7 10. gxh4 Rxh4 11. Nc4 Ng6 12. Rg1 Bb4+ 13. Kd1 Rh8 14. Rxg6 fxg6 15.
Qg4 Nd7 16. a3 Be7 17. Qxg6+ Kf8 18. Qxe6 Qe8 19. Nd6 Qh5+ 20. Be2 Nc5 21. Qxe7+
Kxe7 22. Bxh5 Rxh5 23. Nf5+ Kf7 24. Nxd4 Rxh3 25. Ke2 Rh1 26. Nf5 Ne6 27. b3 g6
28. Ne3 Nd4+ 29. Kd2 Rh2 30. Nd1 g5 31. Bb2 c5 32. b4 b6 33. Rc1 g4 34. Ke3 g3
35. fxg3 Nxc2+ 36. Kf4 Ne1 37. Ke3 Rd8 38. Rc3 c4 39. d4 Nc2+ 40. Kf4 Nxd4 0-1

[Event "52nd Sparkassen Open A"]
[Site "Dortmund GER"]
[Date "2025.08.08"]
[Round "7.12"]
[White "Parvanyan, Ashot"]
[Black "Zwirs, Nico"]
[Result "1-0"]
[WhiteTitle "IM"]
[BlackTitle "IM"]
[WhiteElo "2403"]
[BlackElo "2436"]
[WhiteFideId "13307550"]
[BlackFideId "1036432"]
[EventDate "2025.08.02"]

1. Nf3 d5 2. d4 Nf6 3. c4 e6 4. g3 Be7 5. Bg2 O-O 6. O-O dxc4 7. Qc2 b6 8. Bg5
c6 9. Nbd2 b5 10. b3 cxb3 11. Nxb3 a5 12. e4 Bb7 13. Nc5 Ra7 14. e5 Nd5 15. h4
Nd7 16. Bxe7 Qxe7 17. Ng5 g6 18. Nxd7 Qxd7 19. h5 c5 20. Qxc5 Ba8 21. Ne4 Rc8
22. Qa3 Qe7 23. Qf3 b4 24. Rac1 Rac7 25. Rc5 Rxc5 26. dxc5 Kg7 27. Rc1 h6 28.
Qg4 Nc3 29. Nd6 Rxc5 30. Bxa8 Rxe5 31. Nc4 Rxh5 32. Bf3 Rc5 33. Re1 Rg5 34. Qd4+
Qf6 35. Ne5 Nxa2 36. Bc6 Nc3 37. Be8 Nd5 38. Kf1 Rxg3 39. Bxf7 Rh3 40. Re4 Rh1+
41. Kg2 Rh5 42. Bxe6 Ne7 43. Rf4 Nf5 44. Qd7+ Kf8 45. Qc8+ Ke7 46. Nc6+ Kd6 47.
Qd7+ Kc5 48. Rc4+ Kb5 49. Qb7+ 1-0